| 000 | | | 07038cbm0a2200313#x 450 |
| 001 | | | 3b92d963-a878-420e-bd2f-6a4d813411c5 |
| 005 | | | 20230314115748.0 |
| 100 | ## | $a | 20200421j19340920k###0rusy50 ca |
| 101 | 0# | $a | rus |
| 102 | ## | $a | RU |
| 122 | 0# | $a | d19340920## |
| 200 | 1# | $a | Шифртелеграмма наркома по иностранным делам СССР М. М. Литвинова в НКИД СССР о беседах с министром иностранных дел Франции Л. Барту и министром иностранных дел Чехословакии Э. Бенешем о перспективах Восточного пакта, франко-итальянской договоренности относительно Туниса и гарантиях независимости Австрии |
| | $j | 20 сентября 1934 г. |
| 251 | ## | $c | Документ |
| 300 | ## | $a | Заверенная копия |
| 461 | #0 | $1 | 2001 |
| | $a | Ф. 059 |
| | $1 | 251 |
| | $c | Фонд |
| | $1 | 852 |
| | $j | 059 |
| 462 | #0 | $1 | 2001 |
| | $a | Оп. 1. П. 168 |
| | $1 | 251 |
| | $c | Опись |
| | $1 | 852 |
| | $j | 1. П. 168 |
| 462 | #0 | $1 | 2001 |
| | $a | Д. 1273 |
| | $v | Л. 70-71 |
| | $1 | 251 |
| | $c | Дело |
| | $1 | 852 |
| | $j | 1273 |
| 605 | ## | $a | Вторая мировая война в архивных документах (Комплекс оцифрованных архивных документов, кино- и фотоматериалов) |
| | $l | коллекция |
| | $2 | acquisition_Prlib |
| | $3 | LIBNET\UAF\0000088514 |
| 605 | ## | $a | Россия и страны Африки: из истории взаимоотношений |
| | $l | коллекция |
| | $2 | acquisition_Prlib |
| | $3 | LIBNET\UAF\0000106523 |
| 617 | ## | $2 | prlib_sh |
| | $a | СССР |
| | $f | 1934 |
| 617 | ## | $2 | prlib_sh |
| | $a | Франция |
| | $f | 1934 |
| 617 | ## | $2 | prlib_sh |
| | $a | Чехословакия |
| | $f | 1934 |
| 617 | ## | $2 | prlib_sh |
| | $a | Тунис |
| | $f | 1934 |
| 617 | ## | $2 | prlib_sh |
| | $a | Италия |
| | $f | 1934 |
| 617 | ## | $2 | prlib_sh |
| | $a | Австрия |
| | $f | 1934 |
| 801 | #0 | $a | RU |
| | $b | ПБ им. Б.Н. Ельцина |
| | $c | 20200421 |
| 801 | #1 | $a | RU |
| | $b | ПБ им. Б.Н. Ельцина |
| | $c | 20200421 |
| | $2 | rusmarc |
| 801 | #2 | $a | RU |
| | $b | ПБ им. Б.Н. Ельцина |
| | $c | 20200423 |
| | $2 | rusmarc |
| 850 | ## | $a | Архив внешней политики Российской Федерации |
| 852 | ## | $a | АВП РФ |
| | $j | Л. 70-71 |
| 035 | ## | $a | LIBNET\0001069793 |
| 937 | ## | $d | 144128546 |
| | $h | Федеральное архивное агентство |
| 856 | 4# | $u | http://readingroom.main.prlib.ru/item.aspx?id_node=n144128546&mode=full |
| 600 | #1 | $2 | nlr_sh1 |
| | $3 | RU\NLR\AUTH\66111528 |
| | $a | Барту |
| | $g | Жан Луи |
| | $b | Ж.Л. |
| | $f | 1862 - 1934 |
| | $j | Документы и материалы |
| 600 | #1 | $a | Бенеш |
| | $b | Э. |
| | $g | Эдуард |
| | $f | 1884 - 1948 |
| | $j | Документы и материалы |
| | $2 | nlr_sh |
| | $3 | RU\NLR\AUTH\66123801 |
| 607 | ## | $2 | prlib_sh |
| | $3 | LIBNET\UAF\0000092081 |
| | $a | Франция |
| | $x | Внешняя политика |
| | $y | Германия |
| | $z | 1934 |
| | $j | Документы и материалы |
| 607 | ## | $a | Франция |
| | $x | Внешняя политика |
| | $y | Италия |
| | $z | 1934 |
| | $j | Документы и материалы |
| | $2 | prlib_sh |
| | $3 | LIBNET\UAF\0000092149 |
| 606 | 1# | $2 | nlr_sh1 |
| | $3 | RU\NLR\AUTH\66233437 |
| | $a | Восточный пакт |
| | $z | 1934 |
| | $j | Документы и материалы |
| 686 | ## | $2 | rubbk |
| | $a | 63.3(4Фра)61-6ю11 |
| | $v | LBC/M |
| 686 | ## | $a | 63.3(4Ита)61-6ю11 |
| | $v | LBC/M |
| | $2 | rubbk |
| 686 | ## | $a | 63.3(4Чея)61-6ю11 |
| | $v | LBC/M |
| | $2 | rubbk |